[Event "Bayern-chI Bank Hofmann 25th"]
[Site "Tegernsee"]
[Date "2022.11.06"]
[Round "2"]
[White "Vogel, Robert"]
[Black "Morawietz, Dieter"]
[Result "0-1"]
[WhiteElo "2130"]
[BlackElo "2388"]
[PlyCount "66"]
[EventDate "2022.11.05"]
[EventType "swiss"]
[EventRounds "9"]
[EventCountry "GER"]
[SourceTitle "CBM 211 Extra"]
[Source "ChessBase"]
[SourceDate "2023.01.31"]
[SourceVersion "1"]
[SourceVersionDate "2023.01.31"]
[SourceQuality "1"]

1. d4 Nf6 2. c4 e6 3. Nc3 Bb4 4. e3 b6 5. Nge2 Ba6 6. Ng3 Bxc3+ 7. bxc3 d5 8. Ba3 Bxc4 9. Bxc4 dxc4 10. 0-0 h5 11. Qa4+ Qd7 12. Qxc4 h4 13. Ne2 h3 14. g3 Nc6 15. f3 Qd5 16. Qxd5 exd5 17. Rae1 0-0-0 18. e4 dxe4 19. fxe4 Nxe4 20. Rxf7 g5 21. Nf4 Nxc3 22. Ne6 Rd7 23. Rxd7 Kxd7 24. Nxg5 Nxd4 25. Re7+ Kc8 26. Bb2 Nce2+ 27. Kf2 Rf8+ 28. Ke1 Rf5 29. Ne6 Nxe6 30. Rxe6 Nxg3 31. Re3 Rf1+ 32. Kd2 Rf2+ 33. Kc3 Ne2+ 0-1

[Event "Berlin Lichtenberger op 17th"]
[Site "Berlin"]
[Date "2018.08.22"]
[Round "5"]
[White "Krieger, Fabian"]
[Black "Vogel, Robert"]
[Result "1/2-1/2"]
[WhiteElo "1936"]
[BlackElo "2134"]
[PlyCount "35"]
[EventDate "2018.08.18"]
[EventType "swiss"]
[EventRounds "9"]
[EventCountry "GER"]
[SourceTitle "CBM 186 Extra"]
[Source "ChessBase"]
[SourceDate "2018.08.24"]
[SourceVersion "1"]
[SourceVersionDate "2018.08.24"]
[SourceQuality "1"]

1. c4 g6 2. g3 Bg7 3. Bg2 e5 4. Nc3 d6 5. d3 Nc6 6. Rb1 f5 7. e3 Nf6 8. Nge2 0-0 9. 0-0 g5 10. f4 gxf4 11. gxf4 Kh8 12. b4 Rg8 13. Kh1 Ng4 14. h3 Qh4 15. Kg1 Bf6 16. Nd5 Bd7 17. Qe1 Qh6 18. hxg4 1/2-1/2

[Event "Berlin Lichtenberger op 17th"]
[Site "Berlin"]
[Date "2018.08.20"]
[Round "3"]
[White "Heppert, Lars"]
[Black "Vogel, Robert"]
[Result "1/2-1/2"]
[WhiteElo "1925"]
[BlackElo "2134"]
[PlyCount "59"]
[EventDate "2018.08.18"]
[EventType "swiss"]
[EventRounds "9"]
[EventCountry "GER"]
[SourceTitle "CBM 186 Extra"]
[Source "ChessBase"]
[SourceDate "2018.08.24"]
[SourceVersion "1"]
[SourceVersionDate "2018.08.24"]
[SourceQuality "1"]

1. c4 g6 2. g3 Bg7 3. Bg2 e5 4. Nc3 d6 5. d3 Nc6 6. e3 Be6 7. Nge2 Qd7 8. Nd5 Nd8 9. e4 c6 10. Ne3 Bh3 11. 0-0 Bxg2 12. Kxg2 Ne7 13. f4 f5 14. exf5 gxf5 15. Rb1 h5 16. d4 e4 17. d5 c5 18. b4 Nf7 19. bxc5 dxc5 20. Bb2 Bxb2 21. Rxb2 h4 22. Qb3 hxg3 23. hxg3 Nd6 24. Qc3 Kf7 25. Rbb1 Ng6 26. Rh1 Qe7 27. Rbg1 b6 28. Kf2 Qf6 29. Qxf6+ Kxf6 30. g4 1/2-1/2

[Event "Berlin Lichtenberger op 15th"]
[Site "Berlin"]
[Date "2016.08.19"]
[Round "7"]
[White "Richter, Goetz"]
[Black "Vogel, Robert"]
[Result "1/2-1/2"]
[WhiteElo "2009"]
[BlackElo "2215"]
[PlyCount "55"]
[EventDate "2016.08.13"]
[EventType "swiss"]
[EventRounds "9"]
[EventCountry "GER"]
[SourceTitle "CBM 173 Extra"]
[Source "ChessBase"]
[SourceDate "2016.08.29"]
[SourceVersion "1"]
[SourceVersionDate "2016.08.29"]
[SourceQuality "1"]

1. d4 Nf6 2. c4 c5 3. d5 e6 4. Nc3 exd5 5. cxd5 d6 6. Nf3 g6 7. Bf4 Bg7 8. h3 0-0 9. e3 Na6 10. Bxa6 bxa6 11. 0-0 Rb8 12. Qe2 Re8 13. Rac1 Bf5 14. b3 Ne4 15. Nxe4 Bxe4 16. Ng5 a5 17. Qa6 Qb6 18. Qc4 Bf5 19. e4 Bd7 20. Rfe1 Bb5 21. Qc2 Qa6 22. Rcd1 a4 23. Nf3 axb3 24. axb3 c4 25. bxc4 Bxc4 26. Nd4 Rec8 27. Qd2 Bb5 28. Ra1 1/2-1/2

[Event "Berlin Lichtenberger op 15th"]
[Site "Berlin"]
[Date "2016.08.14"]
[Round "2"]
[White "Vogel, Robert"]
[Black "Christensen, Andreas"]
[Result "1-0"]
[WhiteElo "2215"]
[BlackElo "1758"]
[PlyCount "59"]
[EventDate "2016.08.13"]
[EventType "swiss"]
[EventRounds "9"]
[EventCountry "GER"]
[SourceTitle "CBM 173 Extra"]
[Source "ChessBase"]
[SourceDate "2016.08.29"]
[SourceVersion "1"]
[SourceVersionDate "2016.08.29"]
[SourceQuality "1"]

1. d4 Nf6 2. c4 g6 3. Nc3 Bg7 4. e4 d6 5. f4 0-0 6. Nf3 c5 7. d5 e6 8. Bd3 exd5 9. cxd5 Re8 10. 0-0 c4 11. Bc2 Na6 12. Be3 Nb4 13. Bd4 Nxc2 14. Qxc2 Ng4 15. Rfe1 Bxd4+ 16. Nxd4 Qf6 17. Qd2 h5 18. h3 Nh6 19. e5 dxe5 20. fxe5 Rxe5 21. Rxe5 Qxe5 22. Re1 Qg7 23. Re8+ Kh7 24. d6 Bxh3 25. Rxa8 Bxg2 26. d7 Qf6 27. Kxg2 Qh4 28. d8Q Qg4+ 29. Kh2 h4 30. Qh8# 1-0

[Event "Berlin Lichtenberger op 14th"]
[Site "Berlin"]
[Date "2015.08.19"]
[Round "5"]
[White "Vogel, Robert"]
[Black "Muse, Drazen"]
[Result "1/2-1/2"]
[WhiteElo "2218"]
[BlackElo "2408"]
[PlyCount "38"]
[EventDate "2015.08.15"]
[EventType "swiss"]
[EventRounds "9"]
[EventCountry "GER"]
[SourceTitle "EXT 2016"]
[Source "ChessBase"]
[SourceDate "2015.10.08"]
[SourceVersion "1"]
[SourceVersionDate "2015.10.08"]
[SourceQuality "1"]

1. d4 Nf6 2. c4 e6 3. Nc3 Bb4 4. e3 c5 5. Bd3 d5 6. Nf3 Nc6 7. 0-0 0-0 8. a3 cxd4 9. axb4 dxc3 10. bxc3 dxc4 11. Bxc4 Qc7 12. Be2 b6 13. Bb2 Bb7 14. Qb3 Ng4 15. Rfd1 Rfc8 16. c4 a5 17. bxa5 Nxa5 18. Qc3 Nf6 19. Rac1 Rd8 1/2-1/2

[Event "Berlin Lichtenberger op 14th"]
[Site "Berlin"]
[Date "2015.08.17"]
[Round "3"]
[White "Kutschke, Jens"]
[Black "Vogel, Robert"]
[Result "1/2-1/2"]
[WhiteElo "1975"]
[BlackElo "2218"]
[PlyCount "39"]
[EventDate "2015.08.15"]
[EventType "swiss"]
[EventRounds "9"]
[EventCountry "GER"]
[SourceTitle "EXT 2016"]
[Source "ChessBase"]
[SourceDate "2015.10.08"]
[SourceVersion "1"]
[SourceVersionDate "2015.10.08"]
[SourceQuality "1"]

1. e4 g6 2. d4 Bg7 3. Nc3 d6 4. Be3 Nd7 5. f4 c6 6. Qd2 b5 7. Bd3 Bb7 8. Nf3 Ngf6 9. e5 Ng4 10. Bg1 0-0 11. e6 fxe6 12. Ng5 e5 13. Qe2 exd4 14. Qxg4 dxc3 15. b4 Nf6 16. Qe6+ Kh8 17. Bd4 c5 18. Bxf6 exf6 19. Nf7+ Rxf7 20. Qxf7 1/2-1/2

[Event "BL2-Ost 1415"]
[Site "Germany"]
[Date "2014.12.07"]
[Round "6.7"]
[White "Vogel, Robert"]
[Black "Offinger, Robert"]
[Result "0-1"]
[WhiteElo "2238"]
[BlackElo "2187"]
[PlyCount "84"]
[EventDate "2014.10.18"]
[EventType "team-tourn"]
[EventRounds "10"]
[EventCountry "GER"]
[SourceTitle "CBM 166 Extra"]
[Source "ChessBase"]
[SourceDate "2015.06.18"]
[SourceVersion "1"]
[SourceVersionDate "2015.06.18"]
[SourceQuality "1"]
[WhiteTeam "Rosenheim Pang"]
[BlackTeam "Passau"]
[WhiteTeamCountry "GER"]
[BlackTeamCountry "GER"]

1. d4 d5 2. c4 c6 3. Nf3 Nf6 4. Nc3 dxc4 5. a4 Bf5 6. e3 e6 7. Bxc4 Bb4 8. 0-0 0-0 9. Qe2 Bg6 10. Ne5 Nbd7 11. Nxg6 hxg6 12. Rd1 Qa5 13. e4 e5 14. Na2 Be7 15. Bd2 Qc7 16. Bc3 Bd6 17. d5 cxd5 18. Bxd5 Nxd5 19. Rxd5 Nb6 20. Ba5 Qe7 21. Bxb6 axb6 22. b3 Bc5 23. Kh1 Bd4 24. Rd1 Rfc8 25. f4 Rc5 26. Nb4 Rac8 27. Rxc5 Qxc5 28. Nd5 exf4 29. Nxf4 Qe5 30. Nd5 Re8 31. Re1 f5 32. Qc4 Kh7 33. Rd1 Qxe4 34. h3 Bf2 35. Qxe4 fxe4 36. Nc3 e3 37. Ne2 Rc8 38. Rc1 Rd8 39. Ng1 Rd2 40. Nf3 Rd5 41. g4 e2 42. Kg2 Bh4 0-1

[Event "Berlin Lichtenberger op 13th"]
[Site "Berlin"]
[Date "2014.08.24"]
[Round "9"]
[White "Vogel, Robert"]
[Black "Kornrumpf, Joachim"]
[Result "1-0"]
[WhiteElo "2262"]
[BlackElo "2061"]
[PlyCount "89"]
[EventDate "2014.08.16"]
[EventType "swiss"]
[EventRounds "9"]
[EventCountry "GER"]
[SourceTitle "CBM 161 Extra"]
[Source "ChessBase"]
[SourceDate "2014.08.29"]
[SourceVersion "1"]
[SourceVersionDate "2014.08.29"]
[SourceQuality "1"]

1. d4 Nf6 2. c4 e6 3. g3 d5 4. Bg2 Bb4+ 5. Nc3 0-0 6. Nf3 c5 7. cxd5 cxd4 8. Nxd4 Nxd5 9. Bd2 Nxc3 10. bxc3 Ba5 11. Rb1 e5 12. Rxb7 exd4 13. Rb3 Be6 14. Bxa8 dxc3 15. Rxc3 Bxc3 16. Bxc3 Qxd1+ 17. Kxd1 Nd7 18. Bf3 Bxa2 19. Kd2 Bc4 20. Rc1 Bb5 21. Bd4 Nb6 22. Rc7 Rd8 23. e3 Nd7 24. Kc3 a6 25. Bd5 h6 26. e4 Bf1 27. f4 Bb5 28. Ba2 Rf8 29. e5 Kh8 30. Bd5 Kh7 31. Kb4 Kh8 32. Kc3 Kh7 33. Be4+ Kg8 34. Kd2 Rd8 35. Ke3 Nf8 36. f5 Nd7 37. g4 Re8 38. Kf4 Rd8 39. Bd5 Rf8 40. h4 Rd8 41. g5 hxg5+ 42. hxg5 Ba4 43. g6 Nf6 44. gxf7+ Kh7 45. exf6 1-0

[Event "Berlin Lichtenberger op 13th"]
[Site "Berlin"]
[Date "2014.08.19"]
[Round "4"]
[White "Reiser, Ralf"]
[Black "Vogel, Robert"]
[Result "0-1"]
[WhiteElo "1755"]
[BlackElo "2262"]
[PlyCount "64"]
[EventDate "2014.08.16"]
[EventType "swiss"]
[EventRounds "9"]
[EventCountry "GER"]
[SourceTitle "CBM 161 Extra"]
[Source "ChessBase"]
[SourceDate "2014.08.29"]
[SourceVersion "1"]
[SourceVersionDate "2014.08.29"]
[SourceQuality "1"]

1. e4 g6 2. d4 Bg7 3. Nc3 d6 4. Be3 c6 5. Qd2 Nd7 6. 0-0-0 b5 7. h4 h5 8. f3 Rb8 9. g4 Qa5 10. Kb1 Nb6 11. e5 d5 12. Ne4 Qxd2 13. Nxd2 hxg4 14. f4 Nh6 15. Ne2 Nf5 16. Bf2 b4 17. Nb3 Nc4 18. Rd3 Ba6 19. Nc5 Bb5 20. Ka1 e6 21. a4 bxa3 22. bxa3 Nb6 23. Rb3 Bc4 24. Rc3 Bf8 25. Ng3 Bxc5 26. Nxf5 exf5 27. Bxc4 Nxc4 28. dxc5 Kd7 29. Bd4 Ke6 30. a4 Rb4 31. Ka2 Rxa4+ 32. Kb3 Ra3+ 0-1

[Event "BL2-Ost 1314"]
[Site "Germany"]
[Date "2013.11.10"]
[Round "3.5"]
[White "Wall, Gavin"]
[Black "Vogel, Robert"]
[Result "1-0"]
[WhiteElo "2333"]
[BlackElo "2237"]
[PlyCount "75"]
[EventDate "2013.10.12"]
[EventType "team-tourn"]
[EventRounds "10"]
[EventCountry "GER"]
[SourceTitle "EXT 2015"]
[Source "ChessBase"]
[SourceDate "2014.11.20"]
[SourceVersion "1"]
[SourceVersionDate "2014.11.20"]
[SourceQuality "1"]
[WhiteTeam "Bindlach Aktionaer"]
[BlackTeam "Rosenheim Pang"]
[WhiteTeamCountry "GER"]
[BlackTeamCountry "GER"]

1. e4 g6 2. d4 Bg7 3. Nc3 d6 4. h4 Nf6 5. Be2 Nc6 6. g4 e5 7. g5 Nd7 8. d5 Nd4 9. h5 0-0 10. Be3 Nb6 11. Nb5 Nxe2 12. Qxe2 c6 13. Nc3 cxd5 14. Bxb6 axb6 15. h6 Bh8 16. Nxd5 Qxg5 17. Nxb6 Bg4 18. Nf3 Qf6 19. Nd5 Qd8 20. a3 Rc8 21. 0-0-0 Be6 22. Qb5 f5 23. Qxb7 Rf7 24. Qb6 Qxb6 25. Nxb6 Rc6 26. Ng5 Rxb6 27. Nxe6 Bf6 28. exf5 gxf5 29. Rhg1+ Kh8 30. Rd5 Re7 31. Nc5 Rc7 32. Nd3 e4 33. Nb4 Be5 34. Rxe5 dxe5 35. Nd5 Rcc6 36. Nxb6 Rxb6 37. Rg5 Rf6 38. c4 1-0

[Event "Munich OIS op 33rd"]
[Site "Munich"]
[Date "2013.10.03"]
[Round "6"]
[White "Baldauf, Marco"]
[Black "Vogel, Robert"]
[Result "1/2-1/2"]
[WhiteElo "2412"]
[BlackElo "2237"]
[PlyCount "88"]
[EventDate "2013.09.28"]
[EventType "swiss"]
[EventRounds "9"]
[EventCountry "GER"]
[SourceTitle "CBM 156 Extra"]
[Source "ChessBase"]
[SourceDate "2013.10.22"]
[SourceVersion "1"]
[SourceVersionDate "2013.10.22"]
[SourceQuality "1"]

1. c4 g6 2. Nc3 Bg7 3. g3 Nc6 4. Bg2 e5 5. e4 d6 6. Nge2 Nge7 7. d3 0-0 8. 0-0 Be6 9. Be3 Qd7 10. Rb1 Bh3 11. Qd2 Bxg2 12. Kxg2 f5 13. f3 Rf7 14. Nd5 Re8 15. b4 Nd4 16. Nxd4 exd4 17. Nxe7+ Rfxe7 18. Bg5 Re6 19. Rbe1 fxe4 20. Rxe4 d5 21. cxd5 Qxd5 22. Rc1 c6 23. Bf4 Qd7 24. Qb2 Rxe4 25. fxe4 Qe6 26. a4 a6 27. Rc5 b6 28. Rc1 Rc8 29. Qc2 h6 30. h4 Kh7 31. b5 axb5 32. axb5 c5 33. Qc4 Qg4 34. Qa2 Rf8 35. Rf1 g5 36. hxg5 hxg5 37. Bc7 Rxf1 38. Kxf1 Qf3+ 39. Kg1 g4 40. Qf2 c4 41. dxc4 Qxe4 42. Bxb6 d3 43. Be3 Qxc4 44. b6 Qe4 1/2-1/2

[Event "Berlin Lichtenberger op 12th"]
[Site "Berlin"]
[Date "2013.08.19"]
[Round "3"]
[White "Vogel, Robert"]
[Black "Pueschel, Werner"]
[Result "1-0"]
[WhiteElo "2256"]
[BlackElo "2106"]
[PlyCount "91"]
[EventDate "2013.08.17"]
[EventType "swiss"]
[EventRounds "9"]
[EventCountry "GER"]
[SourceTitle "CBM 156 Extra"]
[Source "ChessBase"]
[SourceDate "2013.10.22"]
[SourceVersion "1"]
[SourceVersionDate "2013.10.22"]
[SourceQuality "1"]

1. d4 Nf6 2. c4 c5 3. d5 e6 4. Nc3 exd5 5. cxd5 d6 6. e4 g6 7. Bd3 Bg7 8. Nge2 0-0 9. 0-0 Re8 10. Ng3 Bd7 11. h3 Na6 12. Bf4 Qb6 13. Qd2 Rac8 14. Bc4 Nc7 15. a4 a6 16. Qd3 Bf8 17. Bg5 Kg7 18. Rae1 Ng8 19. Bd2 f6 20. f4 Qa7 21. Ra1 Bxa4 22. Rxa4 b5 23. Nxb5 Nxb5 24. Rfa1 Nc7 25. Kh2 Qb7 26. Bc3 Ra8 27. Bxa6 Nxa6 28. Rxa6 Rxa6 29. Qxa6 Qxa6 30. Rxa6 Nh6 31. Kg1 Nf7 32. Kf2 Re7 33. Kf3 Rb7 34. Nf1 Be7 35. Ne3 h6 36. Nc4 Kh7 37. Na5 Rd7 38. Nc6 Kg7 39. e5 dxe5 40. fxe5 Nxe5+ 41. Nxe5 fxe5 42. Bxe5+ Kf7 43. Ke4 h5 44. d6 Bg5 45. Kd5 Be3 46. Rc6 1-0

[Event "Berlin Lichtenberger op 12th"]
[Site "Berlin"]
[Date "2013.08.17"]
[Round "1"]
[White "Vogel, Robert"]
[Black "Knauer, Frank"]
[Result "1-0"]
[WhiteElo "2256"]
[BlackElo "1846"]
[PlyCount "59"]
[EventDate "2013.08.17"]
[EventType "swiss"]
[EventRounds "9"]
[EventCountry "GER"]
[SourceTitle "CBM 156 Extra"]
[Source "ChessBase"]
[SourceDate "2013.10.22"]
[SourceVersion "1"]
[SourceVersionDate "2013.10.22"]
[SourceQuality "1"]

1. d4 d6 2. c4 g6 3. Nc3 Bg7 4. e4 e5 5. dxe5 dxe5 6. Qxd8+ Kxd8 7. Bg5+ f6 8. Rd1+ Nd7 9. Be3 c6 10. f4 Kc7 11. Nf3 Nh6 12. h3 Nf7 13. c5 exf4 14. Bxf4+ Nfe5 15. b4 Re8 16. Be2 a5 17. a3 axb4 18. axb4 Nf8 19. 0-0 Be6 20. Nd4 Bf7 21. Ndb5+ cxb5 22. Nxb5+ Kb8 23. Nd6 Ra2 24. Bb5 Re7 25. Nxf7 Ne6 26. Bxe5+ fxe5 27. Bc4 Rb2 28. Bxe6 Rxe6 29. Rd7 Rxb4 30. Nd8 1-0

[Event "Oberliga Bayern 1213"]
[Site "Bayern"]
[Date "2013.04.14"]
[Round "9.5"]
[White "Baeuml, Ulrich"]
[Black "Vogel, Robert"]
[Result "1/2-1/2"]
[WhiteElo "2061"]
[BlackElo "2209"]
[PlyCount "87"]
[EventDate "2012.10.14"]
[EventType "team-tourn"]
[EventRounds "9"]
[EventCountry "GER"]
[SourceTitle "EXT 2015"]
[Source "ChessBase"]
[SourceDate "2014.11.20"]
[SourceVersion "1"]
[SourceVersionDate "2014.11.20"]
[SourceQuality "1"]
[WhiteTeam "Dillingen"]
[BlackTeam "Pang/Rosenheim"]
[WhiteTeamCountry "GER"]
[BlackTeamCountry "GER"]

1. c4 g6 2. g3 Bg7 3. Bg2 Nc6 4. Nc3 d6 5. Nf3 e5 6. d3 h6 7. Rb1 Be6 8. b4 Qd7 9. b5 Nce7 10. 0-0 Bh3 11. Be3 Nf6 12. Qb3 0-0 13. Rfc1 Bxg2 14. Kxg2 Nf5 15. Bd2 Nd4 16. Nxd4 exd4 17. Nd5 Nxd5 18. cxd5 Rfe8 19. e4 dxe3 20. Bxe3 Re5 21. h4 Rae8 22. Qc4 R8e7 23. Bd4 Re2 24. Bxg7 Kxg7 25. Qd4+ Kh7 26. Qxa7 b6 27. Qa4 Qf5 28. Qd4 h5 29. a4 R2e5 30. Rc6 Rxd5 31. Qc4 Rxd3 32. Rxc7 d5 33. Qc2 Rxc7 34. Qxc7 Rd2 35. Qf4 Qxf4 36. gxf4 Ra2 37. Rb4 Kg7 38. Rd4 Kf6 39. Rxd5 Rxa4 40. Rd6+ Kf5 41. Rxb6 Rxf4 42. Rb7 f6 43. Kg3 Rg4+ 44. Kh3 1/2-1/2

[Event "Travemuende op 29th"]
[Site "Travemuende"]
[Date "2012.12.28"]
[Round "4"]
[White "Haselhorst, Helmut"]
[Black "Vogel, Robert"]
[Result "0-1"]
[WhiteElo "2100"]
[BlackElo "2253"]
[PlyCount "66"]
[EventDate "2012.12.27"]
[EventType "swiss"]
[EventRounds "7"]
[EventCountry "GER"]
[SourceTitle "CBM 152 Extra"]
[Source "ChessBase"]
[SourceDate "2013.02.25"]
[SourceVersion "1"]
[SourceVersionDate "2013.02.25"]
[SourceQuality "1"]

1. d4 Nf6 2. Nf3 c5 3. d5 d6 4. Nc3 e5 5. e4 g6 6. Be2 Bg7 7. Nd2 0-0 8. 0-0 Nbd7 9. a4 Ne8 10. Nc4 Nb6 11. Na3 f5 12. f3 Nf6 13. Be3 Rf7 14. a5 Nbd7 15. Nc4 Bf8 16. Qd2 Nh5 17. g4 Nf4 18. Bxf4 exf4 19. gxf5 gxf5 20. Kh1 Qh4 21. Rg1+ Kh8 22. Nb5 Nf6 23. Nbxd6 Rg7 24. Rxg7 Bxg7 25. e5 Nh5 26. e6 Bxe6 27. dxe6 Ng3+ 28. Kg2 Bd4 29. c3 Rg8 30. Nf7+ Kg7 31. cxd4 Kf6 32. Nh6 Qxh6 33. Qe1 Nf1+ 0-1